| 000 | 00532nam a22001937a 4500 | ||
|---|---|---|---|
| 005 | 20240508100116.0 | ||
| 008 | 240508b |||||||| |||| 00| 0 eng d | ||
| 020 | _a9781498744287 | ||
| 082 |
_a618 _bBIC-G |
||
| 245 |
_aGynaecology by ten Teachers / _cHelen bickerstaff, Louise C Kenny |
||
| 250 | _a20th ed. | ||
| 260 |
_aUSA: _bCRC; _c2017. |
||
| 300 |
_axviii,253 p.: _bill; _c24 cm. |
||
| 500 | _ainclude index . | ||
| 650 | _aMedical / Gynaecology | ||
| 700 | _aHelen bickerstaff | ||
| 700 | _aLouise C Kenny | ||
| 999 |
_c35714 _d35714 |
||